000 00534nam a2200193Ia 4500
999 _c1816
_d1816
003 OSt
005 20200928140917.0
008 190216s9999||||xx |||||||||||||| ||und||
020 _a9781118025024
040 _coclc
082 _a574.192
_bVOE/B
100 _aVoet, Donald
_95029
245 0 _aBiochemistry /
_cDonald Voet ; Judith G Voet
250 _a4th Ed.
260 _bJohn Wiley & Sons,
_c2010.
_aNew York:
300 _a1481p
650 _aBotany
942 _cBK
_2ddc
_h574.192
_iBOE/B
_k574.192
_mBOE/B